000 00433cam a22001217a 4500
008 180718b-- xxu||||| |||| 00| 0 eng d
082 _aL806x54521 A
245 _aAppropriation accounts, Puducherry
_cby Finance Department, Puducherry
260 _aPuducherry
_bFinance Department
_c--
500 _aState name changed from Pondicherry
650 _aPuducherry - Appropriations and expenditures
700 _aPuducherry. Finance Department
999 _c486077
_d486077